Capital structuring
Αποθηκεύτηκε σε:
| Κύριος συγγραφέας: | |
|---|---|
| Μορφή: | Βιβλίο |
| Γλώσσα: | English |
| Δημοσίευση: |
Kent :
CIB,
c2000.
|
| Θέματα: | |
| Ετικέτες: |
Προσθήκη ετικέτας
Δεν υπάρχουν, Καταχωρήστε ετικέτα πρώτοι!
|
MARC
| LEADER | 00000cam a2200000 a 4500 | ||
|---|---|---|---|
| 001 | 1/118177 | ||
| 008 | 190305t2000####us | ||| |||| ||eng|| | ||
| 020 | |a 0852974590 |q (σκληρό εξώφυλλο) | ||
| 040 | |a GR-MyUa |b gre |c GR-MyUa |e AACR2 | ||
| 041 | 0 | |a eng | |
| 082 | 7 | |a 658.152 |2 (23) | |
| 100 | 1 | |a Coyle, Brian. | |
| 245 | 1 | 0 | |a Capital structuring / |c Brian Coyle. |
| 260 | |a Kent : |b CIB, |c c2000. | ||
| 300 | |a 138 σ. : |b πίν. ; |c 24 εκ. | ||
| 504 | |a Ευρετήριο : σ. 136-138. | ||
| 650 | 0 | |a Capital investments. | |
| 650 | 0 | |a Capital market. | |
| 650 | 0 | |a Corporations |x Finance. | |
| 852 | |a INST |b CHIOS |c TSAMOYRGELIS |e 20190305 |h 658.152 COY |p 005200037675 |q 005200037675 |t BK |y 0 | ||
| 970 | |a Σπέντζα |b Ελένη |z 05-03-2019 | ||